000 00654cam a2200205 a 4500
020 _a0767418417 (acidfree paper)
040 _cDLC
082 0 0 _a301 MAY 2001 A073 Or.
245 0 0 _aApplying anthropology :
_ban introductory reader /
250 _a6th ed.
260 _aMountain View, Calif. :
_bMayfield Pub. Co.,
_c2001.
300 _axvi, 398 p. :
_bill. ;
_c28 cm.
650 0 _aApplied anthropology.
650 0 _aAnthropology.
700 1 _aPodolefsky, Aaron.
700 1 _aBrown, Peter J.
856 4 2 _uhttp://www.loc.gov/catdir/description/mh024/00032429.html
856 4 1 _uhttp://www.loc.gov/catdir/toc/mh023/00032429.html
942 _cEK
999 _c15196
_d15196